| 000 | 00781cam a2200241I 4500 | ||
|---|---|---|---|
| 008 | |||
| 020 | _a2869781504(pbk.) | ||
| 049 | _aMAIN | ||
| 050 | 4 | _aB5320OSH | |
| 100 | 1 | _aOsha, Sanya. | |
| 245 | 0 | 0 |
_aKwasi Wiredu and beyond : _bthe text, writing and thought in Africa / _cSanya Osha. |
| 260 |
_aDakar, Senegal : _bCouncil for the Development of Social Science Research in Africa, _cc2005. |
||
| 300 |
_axxvi, 209 p. ; _c23 cm. |
||
| 504 | _aIncludes bibliographical references. | ||
| 500 | _aIncludes index. | ||
| 600 | 1 | 0 |
_aWiredu, Kwasi _xCriticism and interpretation. |
| 650 | 0 | _aPhilosophy, African. | |
| 907 |
_a.b10195440 _b15-03-06 _c10-03-06 |
||
| 003 | |||
| 005 | 20230123134158.0 | ||
| 040 | _cNUST | ||
| 942 | _cBOOKS | ||
| 999 |
_c161423 _d161423 |
||